Online katalóg knižníc regiónu Turca

Piliere ilúzie (Record no. 22840)

MARC details
000 -LEADER
fixed length control field 01138nam a22003733 4500
001 - CONTROL NUMBER
control field 22840
003 - CONTROL NUMBER IDENTIFIER
control field SK-KTurca
005 - DATE AND TIME OF LATEST TRANSACTION
control field 20260429130201.0
008 - FIXED-LENGTH DATA ELEMENTS--GENERAL INFORMATION
fixed length control field 230425s2022 xo g 000 1 slo d
020 ## - INTERNATIONAL STANDARD BOOK NUMBER
International Standard Book Number 9788056910047
Qualifying information (viazané)
035 ## - SYSTEM CONTROL NUMBER
System control number a000724803
040 ## - CATALOGING SOURCE
Original cataloging agency UKB
Language of cataloging slo
Modifying agency UKB
Description conventions rda
041 0# - LANGUAGE CODE
Language code of text/sound track or separate title slo
044 ## - COUNTRY OF PUBLISHING/PRODUCING ENTITY CODE
MARC country code xo
ISO country code SK
072 #7 - SUBJECT CATEGORY CODE
Subject category code 821.162.4-3
Subject category code subdivision Slovenská próza
Source konspekt
080 ## - UNIVERSAL DECIMAL CLASSIFICATION NUMBER
Universal Decimal Classification number 821.162.4-31
Edition identifier 2011
080 ## - UNIVERSAL DECIMAL CLASSIFICATION NUMBER
Universal Decimal Classification number (0:82-31)-055.2
Edition identifier 2011
080 ## - UNIVERSAL DECIMAL CLASSIFICATION NUMBER
Universal Decimal Classification number (0.038)
Edition identifier 2011
100 1# - MAIN ENTRY--PERSONAL NAME
Personal name Hrašková, Eva,
Dates associated with a name 1988-
Relationship aut
245 10 - TITLE STATEMENT
Title Piliere ilúzie
Statement of responsibility, etc. Eva Krajancová
250 ## - EDITION STATEMENT
Edition statement 1. vydanie
264 #1 - PRODUCTION, PUBLICATION, DISTRIBUTION, MANUFACTURE, AND COPYRIGHT NOTICE
Place of production, publication, distribution, manufacture Bratislava
Name of producer, publisher, distributor, manufacturer Marenčin PT
Date of production, publication, distribution, manufacture, or copyright notice 2022
300 ## - PHYSICAL DESCRIPTION
Extent 254 strán
336 ## - CONTENT TYPE
Content type term text
Content type code txt
Source rdacontent
337 ## - MEDIA TYPE
Media type term bez média
Media type code n
Source rdamedia
338 ## - CARRIER TYPE
Carrier type term zväzok
Carrier type code nc
Source rdacarrier
500 ## - GENERAL NOTE
General note Autorka Eva Hrašková rod. Krajancová
530 ## - ADDITIONAL PHYSICAL FORM AVAILABLE NOTE
Additional physical form available note Dostupný aj zvukový záznam
655 #7 - INDEX TERM--GENRE/FORM
Genre/form data or focus term slovenské romány
Source of term UKBPH
655 #7 - INDEX TERM--GENRE/FORM
Genre/form data or focus term romány pre ženy
Source of term UKBPH
776 0# - ADDITIONAL PHYSICAL FORM ENTRY
Title Piliere ilúzie
Relationship information [zvukový záznam]
942 ## - ADDED ENTRY ELEMENTS (KOHA)
Source of classification or shelving scheme Dewey Decimal Classification
Koha item type Krásna literatúra pre dospelých
Suppress in OPAC No
980 ## - EQUIVALENCE OR CROSS-REFERENCE-SERIES STATEMENT--PERSONAL NAME/TITLE [LOCAL, CANADA]
Personal name Marenčin PT, spol. s.r.o., Jelenia 6, 811 05 Bratislava 1
Holdings
Stav vyradenia Strata Poškodenie Spôsob nadobudnutia Domovská knižnica Aktuálna knižnica Dátum nadobudnutia Total checkouts Čiarový kód exemplára Date last seen Typ exemplára
      Dar Obecná knižnica Turčianska Štiavnička Obecná knižnica Turčianska Štiavnička 29.04.2026   4738001097 29.04.2026 Krásna literatúra pre dospelých
Projekt je podporený Slovenskou asociáciou knižníc
Prevádzkuje Turčianska knižnica Martin 2026